Großstädte nordischer Länder - Statistiken

Allgemein
  • Dieses Quiz wurde 164 mal gespielt
  • Das Durchschnittsergebnis liegt bei 14 aus 28
Antwortstatistiken
Einwohner Nation Stadt % Korrekt
693 Tsd. Norwegen Oslo
100%
949 Tsd. Schweden Stockholm
100%
648 Tsd. Finnland Helsinki
98%
632 Tsd. Dänemark Kopenhagen
96%
301 Tsd. Schweden Malmö
89%
283 Tsd. Norwegen Bergen
84%
572 Tsd. Schweden Göteborg
84%
128 Tsd. Island Reykjavik
72%
205 Tsd. Norwegen Trondheim
72%
280 Tsd. Dänemark Aarhus
67%
149 Tsd. Schweden Uppsala
55%
117 Tsd. Dänemark Aalborg
53%
191 Tsd. Finnland Turku
48%
235 Tsd. Finnland Tampere
43%
180 Tsd. Dänemark Odense
36%
203 Tsd. Finnland Oulu
35%
143 Tsd. Norwegen Stavanger
33%
283 Tsd. Finnland Espoo
31%
119 Tsd. Finnland Lahti
28%
104 Tsd. Schweden Helsingborg
27%
111 Tsd. Norwegen Kristiansand
23%
106 Tsd. Schweden Linköping
22%
115 Tsd. Schweden Örebro
18%
141 Tsd. Finnland Jyväskylä
15%
228 Tsd. Finnland Vantaa
14%
117 Tsd. Schweden Västeras
11%
118 Tsd. Finnland Kuopio
10%
104 Tsd. Dänemark Frederiksberg
5%
Keine übereinstimmenden Quizze gefunden
Verteilung der Resultate
Anzahl Personen mit jedem Resultat
Perzentil nach korrekt beantworteten Fragen
Ihre Resultats-Entwicklung
Sie haben dieses Quiz noch nicht gespielt